[Event "21st Costa del Sol it"]
[Site "Malaga ESP"]
[Date "1981.04.28"]
[Round "7"]
[White "Ciocaltea, Victor"]
[Black "Marovic, Drazen"]
[Result "0-1"]
[WhiteElo "2445"]
[BlackElo "2445"]
[EventDate "1981.04.??"]
[PlyCount "70"]

1. e4 c6 2. d3 d5 3. Nd2 Qc7 4. g3 Nf6 5. Ngf3 dxe4 6. dxe4 e5 7. Bg2 Bg4 8. h3
Bxf3 9. Qxf3 Nbd7 10. Nc4 b5 11. Ne3 g6 12. Ng4 Ng8 13. a4 h5 14. Ne3 b4 15. a5
Ngf6 16. Nc4 Be7 17. Bg5 Kf8 18. O-O Kg7 19. Qe2 Bc5 20. Rad1 h4 21. Kh1 Rh5
22. gxh4 Rah8 23. Qd3 Rxh4 24. Bxh4 Rxh4 25. Qg3 Rf4 26. Qd3 Qb8 27. Qe2 Nf8
28. Ne3 Ne6 29. Qc4 Qh8 30. c3 bxc3 31. bxc3 Nxe4 32. Rd7 N4g5 33. Qd3 Nxh3 34.
Nf5+ Rxf5 35. Bxh3 Rh5 0-1

[Event "21st Costa del Sol it"]
[Site "Malaga ESP"]
[Date "1981.04.28"]
[Round "7"]
[White "Diez del Corral Rivas, Jesus"]
[Black "Csom, Istvan"]
[Result "1/2-1/2"]
[WhiteElo "2480"]
[BlackElo "2500"]
[EventDate "1981.04.??"]
[PlyCount "95"]

1. d4 Nf6 2. c4 e6 3. Nc3 Bb4 4. a3 Bxc3+ 5. bxc3 c5 6. f3 d6 7. e4 Nc6 8. Be3
b6 9. Bd3 Na5 10. Nh3 e5 11. Nf2 Qd7 12. Bg5 Ng8 13. dxe5 dxe5 14. Ng4 f6 15.
Bh4 Ba6 16. Ne3 O-O-O 17. Be2 Qxd1+ 18. Rxd1 Rxd1+ 19. Kxd1 Ne7 20. Kc2 Rd8 21.
g4 g5 22. Bg3 h6 23. h4 Rf8 24. hxg5 hxg5 25. Rh7 Kd7 26. Nd5 Nac6 27. Kd3 Kd6
28. Rh6 Ng8 29. Rh7 Nge7 30. Ke3 Bc8 31. Bd1 Ba6 32. Bb3 Nxd5+ 33. cxd5 Ne7 34.
Bc2 Bb5 35. Bd3 Be8 36. Ba6 Bh5 37. Rh6 Be8 38. Kd3 Ng6 39. Kc4 Rh8 40. Rxh8
Nxh8 41. Bb5 Bg6 42. a4 Nf7 43. Bc6 Nd8 44. Bb5 Nb7 45. Kd3 Kc7 46. Be1 Nd6 47.
c4 Kd8 48. Bc6 1/2-1/2

[Event "21st Costa del Sol it"]
[Site "Malaga ESP"]
[Date "1981.04.28"]
[Round "7"]
[White "Tal, Mikhail"]
[Black "Calvo Minguez, Ricardo"]
[Result "1-0"]
[WhiteElo "2555"]
[BlackElo "2410"]
[EventDate "1981.04.??"]
[PlyCount "70"]

1. e4 c5 2. Nf3 d6 3. d4 cxd4 4. Nxd4 Nf6 5. Nc3 Nc6 6. Bg5 e6 7. Qd2 a6 8.
O-O-O h6 9. Be3 Bd7 10. f3 b5 11. g4 Qa5 $5 ({Usual is} 11... Ne5) 12. Nxc6
Bxc6 13. Kb1 Be7 14. h4 Rc8 15. Bd3 b4 $5 ({Preferable is} 15... Nd7 $1 16. a3
Qc7) 16. Ne2 d5 17. e5 $6 (17. g5 $1 dxe4 {(Khalifman)} 18. gxf6 exd3 19. fxg7
$1 Rg8 20. Qxd3 {favours White.}) 17... Nd7 18. Bd4 $5 Nc5 19. f4 h5 $2 (19...
Nxd3 $1 20. cxd3 Bd7 {equalises.}) 20. f5 $5 (20. Bxc5 $1 Qxc5 21. f5 {
attacks (Khalifman).}) 20... Nxd3 21. cxd3 hxg4 $6 (21... Bd7 $1 22. fxe6 Bxe6
{defends well.}) 22. fxe6 fxe6 23. Nf4 $1 Rh6 24. Rdg1 $6 (24. Rhg1 $1 Bxh4 25.
Rxg4 {charges effectively.}) 24... Kd7 $5 25. h5 $1 Bb5 26. Ng6 Bc5 $2 (26...
Bd8 $1 27. b3 Rc3 {leads to confusion (Tal).}) 27. Bxc5 Rxc5 28. Nf4 d4 29.
Rxg4 Rxe5 30. Rxg7+ Kd6 31. Qf2 Re3 32. Qh4 $1 b3 33. Qe7+ Ke5 {
The game is ended in the great tactical style of Tal.} 34. Qc5+ $1 Kxf4 35.
Qg5+ Kf3 {White can mate in two. Tal became the sole leader by a score of 5/7.}
1-0

[Event "21st Costa del Sol it"]
[Site "Malaga ESP"]
[Date "1981.04.28"]
[Round "7"]
[White "Vera Gonzalez, Reynaldo"]
[Black "Rivas Pastor, Manuel"]
[Result "0-1"]
[WhiteElo "2455"]
[BlackElo "2460"]
[EventDate "1981.04.??"]
[PlyCount "72"]

1. d4 Nf6 2. c4 e6 3. Nc3 d5 4. cxd5 exd5 5. Bg5 c6 6. Qc2 Be7 7. e3 O-O 8. Bd3
Nbd7 9. Nf3 Re8 10. O-O Nf8 11. Bxf6 Bxf6 12. b4 Bg4 13. Nd2 a6 14. a4 Be7 15.
b5 a5 16. Nb3 Bd6 17. Rfc1 Re6 18. h3 Bh5 19. Nc5 Bxc5 20. dxc5 d4 21. exd4
Qxd4 22. Ne2 Qe5 23. Ng3 Bg6 24. Ra3 Rd8 25. Bxg6 hxg6 26. Nf1 Rd4 27. Rd3 Rb4
28. Ne3 cxb5 29. axb5 Rxb5 30. Rd8 Re8 31. Nc4 Rxc5 32. Nxe5 Rxc2 33. Rxc2 Rxd8
34. Rc7 f6 35. Nc4 Rd1+ 36. Kh2 Rc1 0-1

[Event "21st Costa del Sol it"]
[Site "Malaga ESP"]
[Date "1981.04.29"]
[Round "8"]
[White "Fernandez Garcia, Jose Luis"]
[Black "Vera Gonzalez, Reynaldo"]
[Result "1/2-1/2"]
[WhiteElo "2415"]
[BlackElo "2455"]
[EventDate "1981.04.??"]
[PlyCount "55"]

1. e4 e5 2. Nf3 Nc6 3. Bb5 f5 4. Bxc6 dxc6 5. Nc3 Nf6 6. exf5 e4 7. Qe2 Qe7 8.
Nd4 Qe5 9. Nf3 Qxf5 10. d3 Bb4 11. Ng5 O-O 12. Ngxe4 Nxe4 13. dxe4 Bxc3+ 14.
bxc3 Qf7 15. a4 Be6 16. f3 a5 17. Qe3 Bc4 18. Kf2 b6 19. Rd1 Rad8 20. Bd2 c5
21. Be1 Rxd1 22. Rxd1 Qe8 23. Ra1 Rf7 24. Kg1 Rd7 25. Bg3 Qd8 26. h3 h6 27. Be5
Ba6 28. f4 1/2-1/2

[Event "21st Costa del Sol it"]
[Site "Malaga ESP"]
[Date "1981.04.29"]
[Round "8"]
[White "Marovic, Drazen"]
[Black "Martin Gonzalez, Angel"]
[Result "1-0"]
[WhiteElo "2445"]
[BlackElo "2365"]
[EventDate "1981.04.??"]
[PlyCount "79"]

1. c4 g6 2. Nf3 Bg7 3. d4 Nf6 4. Nc3 O-O 5. g3 d6 6. Bg2 Nbd7 7. O-O e5 8. e4
c6 9. h3 Re8 10. Re1 a5 11. Be3 exd4 12. Nxd4 Nc5 13. Qc2 a4 14. Rab1 Nfd7 15.
b4 axb3 16. axb3 Ne5 17. Red1 Qe7 18. f4 Ned7 19. Bf2 Nf6 20. Re1 Nh5 21. Rbd1
$5 (21. b4 $1 {won in Ribli - Petran, Budapest 1976.}) 21... Ra3 22. b4 $5 Ne6
23. Nde2 Nf6 $6 24. Ra1 $6 (24. Rd3 $1 Rd8 25. Red1 {attacks the weakness d6.})
24... Rxa1 25. Rxa1 h5 $5 26. Rd1 Nf8 $6 {The knight becoms passive.} 27. Qd3
$1 Be6 $5 28. b5 $1 N8d7 $6 (28... Rc8 $1 {(protects pawn c6)} 29. bxc6 bxc6
30. Qxd6 Qxd6 31. Rxd6 Ne8 32. Rd2 Bxc4 {defends properly.}) 29. bxc6 bxc6 30.
Qxd6 Bxc4 $2 (30... Qxd6 31. Rxd6 Nb8 32. e5 Nfd7 {only costs a pawn.}) 31. e5
$1 Nd5 32. Qxc6 Nxc3 33. Nxc3 Be6 34. Nd5 Qa3 35. Nb6 Qb3 36. Rd6 Qb1+ 37. Kh2
Qa2 38. Nxd7 Rd8 39. Bb6 Rxd7 40. Rxd7 {White will win a bishop.} 1-0

[Event "21st Costa del Sol it"]
[Site "Malaga ESP"]
[Date "1981.04.30"]
[Round "9"]
[White "Diez del Corral Rivas, Jesus"]
[Black "Ciocaltea, Victor"]
[Result "1-0"]
[WhiteElo "2480"]
[BlackElo "2445"]
[EventDate "1981.04.??"]
[PlyCount "63"]

1. d4 g6 2. c4 Bg7 3. Nc3 d6 4. e4 Nd7 5. Be2 e5 6. d5 h5 7. Nf3 Bh6 8. Bxh6
Nxh6 9. h4 f6 10. b4 Nf7 11. Nd2 c5 12. a3 Kf8 13. Nf1 Qb6 14. b5 Qa5 15. Rc1
Qxa3 16. Rh3 Qa5 17. Rg3 Rg8 18. Ra1 Qd8 19. Ne3 a5 20. Ra3 b6 21. Na4 Nb8 22.
Bxh5 gxh5 23. Rxg8+ Kxg8 24. Qxh5 Ra7 25. Nf5 Bxf5 26. Rg3+ Kf8 27. Qxf5 Nd7
28. h5 Ke7 29. Rg7 Nf8 30. h6 Rb7 31. h7 Nxh7 32. Rxf7+ 1-0

[Event "21st Costa del Sol it"]
[Site "Malaga ESP"]
[Date "1981.04.30"]
[Round "9"]
[White "Martin Gonzalez, Angel"]
[Black "Rivas Pastor, Manuel"]
[Result "1-0"]
[WhiteElo "2365"]
[BlackElo "2460"]
[EventDate "1981.04.??"]
[PlyCount "72"]

1. e4 Nf6 2. e5 Nd5 3. d4 d6 4. c4 Nb6 5. f4 dxe5 6. fxe5 Nc6 7. Be3 Bf5 8. Nc3
e6 9. Nf3 Be7 10. d5 exd5 11. cxd5 Nb4 12. Nd4 Bd7 13. e6 fxe6 14. dxe6 Bc6 15.
Qg4 Bh4+ 16. g3 Bf6 17. O-O-O Bxh1 18. Nf5 Qxd1+ 19. Qxd1 Bc6 20. Nxg7+ Bxg7
21. Qh5+ Kd8 22. Qg5+ Kc8 23. Qxg7 Re8 24. Bf4 N4d5 25. Nxd5 Nxd5 26. Bg2 Nxf4
27. gxf4 a5 28. Kb1 Kb8 29. Bxc6 bxc6 30. f5 Kb7 31. Qe5 Rad8 32. f6 Rd5 33. f7
Rf8 34. Qg7 Rfd8 35. a4 Rd1+ 36. Ka2 R8d4 1-0

[Event "21st Costa del Sol it"]
[Site "Malaga ESP"]
[Date "1981.04.30"]
[Round "9"]
[White "Vera Gonzalez, Reynaldo"]
[Black "Csom, Istvan"]
[Result "1-0"]
[WhiteElo "2455"]
[BlackElo "2500"]
[EventDate "1981.04.??"]
[PlyCount "79"]

1. d4 Nf6 2. c4 e6 3. Nc3 Bb4 4. g3 c5 5. Nf3 cxd4 6. Nxd4 Qc7 7. Bg2 a6 {
Capture of pawn c4 is a serious alternative.} 8. O-O Bxc3 9. bxc3 O-O $5 ({
The alternative is} 9... d6) 10. Ba3 d6 11. Qd3 Nbd7 12. Nb3 Nc5 13. Nxc5 dxc5
14. Rfd1 {White ha a pleasant position.} Qa5 15. Bc1 Bd7 16. Bg5 Ba4 17. Rdb1
Rad8 18. Qe3 b6 $5 ({More solid is} 18... Bc6 19. Bxc6 bxc6 20. a4 Rb8) 19.
Bxf6 $5 gxf6 20. Be4 Kg7 $1 21. g4 h6 $1 22. Kh1 Rh8 23. Rg1 b5 $2 (23... Rd6
24. f3 Bc6 {defends quietly.}) 24. g5 $1 hxg5 $2 25. Rxg5+ $1 fxg5 26. Qxg5+
Kf8 27. Qxc5+ Ke8 28. Bc6+ Rd7 29. Bxd7+ Kxd7 30. Qd4+ Kc7 31. Qe5+ Kc6 32.
Qxh8 bxc4 33. Rb1 Bc2 34. Qc8+ Kd6 35. Qb8+ Kd5 36. Rb4 Qa3 37. Qd8+ Ke5 38.
Qg5+ Bf5 39. Qg7+ Kd6 40. Qd4+ {White has a mate attack.} 1-0

[Event "21st Costa del Sol it"]
[Site "Malaga ESP"]
[Date "1981.05.01"]
[Round "10"]
[White "Calvo Minguez, Ricardo"]
[Black "Vera Gonzalez, Reynaldo"]
[Result "1/2-1/2"]
[WhiteElo "2410"]
[BlackElo "2455"]
[EventDate "1981.04.??"]
[PlyCount "36"]

1. c4 e6 2. g3 d5 3. Bg2 Nf6 4. Nf3 Be7 5. O-O O-O 6. d4 dxc4 7. Qc2 a6 8. a4
Bd7 9. Ne5 Nc6 10. Qxc4 Nxe5 11. dxe5 Nd5 12. Rd1 Qc8 13. e4 Nb4 14. Nc3 c5 15.
Qe2 c4 16. Qg4 Kh8 17. Bf1 Nc2 18. Ra2 Nb4 1/2-1/2

[Event "21st Costa del Sol it"]
[Site "Malaga ESP"]
[Date "1981.05.01"]
[Round "10"]
[White "Ciocaltea, Victor"]
[Black "Ivkov, Borislav"]
[Result "1/2-1/2"]
[WhiteElo "2445"]
[BlackElo "2540"]
[EventDate "1981.04.??"]
[PlyCount "36"]

1. e4 e5 2. Nf3 Nc6 3. Bb5 a6 4. Ba4 Nf6 5. O-O Be7 6. Re1 b5 7. Bb3 d6 8. c3
O-O 9. h3 Na5 10. Bc2 c5 11. d4 Qc7 12. Nbd2 Bd7 13. d5 c4 14. Nf1 Nb7 15. N3h2
Qb6 16. Be3 Nc5 17. b4 cxb3 18. axb3 Qc7 1/2-1/2

[Event "21st Costa del Sol it"]
[Site "Malaga ESP"]
[Date "1981.05.01"]
[Round "10"]
[White "Fernandez Garcia, Jose Luis"]
[Black "Martin Gonzalez, Angel"]
[Result "1/2-1/2"]
[WhiteElo "2415"]
[BlackElo "2365"]
[EventDate "1981.04.??"]
[PlyCount "25"]

1. e4 c5 2. Nf3 d6 3. Bb5+ Nd7 4. d4 Ngf6 5. O-O cxd4 6. Qxd4 g6 7. e5 dxe5 8.
Nxe5 Bg7 9. Nc3 O-O 10. Rd1 Qb6 11. Be3 Qxd4 12. Bxd4 Nxe5 13. Bxe5 1/2-1/2

[Event "21st Costa del Sol it"]
[Site "Malaga ESP"]
[Date "1981.05.01"]
[Round "10"]
[White "Tal, Mikhail"]
[Black "Diez del Corral Rivas, Jesus"]
[Result "1/2-1/2"]
[WhiteElo "2555"]
[BlackElo "2480"]
[EventDate "1981.04.??"]
[PlyCount "78"]

1. e4 e6 2. d4 d5 3. Nd2 Nf6 4. e5 Nfd7 5. Bd3 c5 6. c3 Nc6 7. Ne2 Qb6 8. Nf3
cxd4 9. cxd4 f6 10. exf6 Nxf6 11. O-O Bd6 12. Nc3 O-O 13. Be3 Qd8 14. Re1 Qe8
15. Ne5 Bxe5 16. dxe5 Nxe5 17. Bc5 Nxd3 18. Qxd3 Rf7 19. Nxd5 b6 20. Bb4 Nxd5
21. Qxd5 Bb7 22. Qxe6 Qb5 23. Qg4 h5 24. Qh4 Qd5 25. f3 Rd8 26. Re5 Qxe5 27.
Qxd8+ Kh7 28. Re1 Qf5 29. Bc3 Qc5+ 30. Bd4 Qc4 31. Qh4 Rf5 32. b3 Qd3 33. h3
Qd2 34. Re7 Rg5 35. Rxg7+ Rxg7 36. Qxh5+ Kg8 37. Qe8+ Kh7 38. Bxg7 Qc1+ 39. Kf2
Kxg7 1/2-1/2

[Event "21st Costa del Sol it"]
[Site "Malaga ESP"]
[Date "1981.05.02"]
[Round "11"]
[White "Diez del Corral Rivas, Jesus"]
[Black "Marovic, Drazen"]
[Result "0-1"]
[WhiteElo "2480"]
[BlackElo "2445"]
[EventDate "1981.04.??"]
[PlyCount "43"]

1. e4 c5 2. Nf3 Nf6 3. e5 Nd5 4. Nc3 e6 5. Nxd5 exd5 6. d4 Nc6 7. dxc5 Bxc5 8.
Qxd5 Qb6 9. Bd3 $5 ({The main line is} 9. Bc4 Bxf2+ 10. Ke2 O-O 11. Rf1 {
(Gligoric - Larsen, Z�rich 1959).}) 9... Bxf2+ 10. Ke2 d6 11. exd6 Be6 {
The chances are about equal.} 12. Qg5 $5 ({Preferable is} 12. Qb5 $1 O-O-O 13.
Qxb6 Bxb6 14. Bf4) 12... h6 13. Qxg7 O-O-O 14. Qf6 $2 (14. Qc3 Rhg8 15. Kf1
Rxd6 {keeps the equality.}) 14... Rhg8 15. Kf1 Rxd6 16. Bf4 Rd7 $2 (16... Rxd3
$1 17. cxd3 Bd4 18. Nxd4 Qxb2 19. Rc1 Qxg2+ 20. Ke1 Qxh1+ {favours Black.}) 17.
Rd1 Bc5 18. Ne5 $2 ({Right is} 18. a3 Ne7 19. Qe5 Bd6 20. Be3 $1 Bxe5 21. Bxb6
Bxb2 22. Bxa7) 18... Nxe5 19. Qxe5 Bd6 20. Qe3 Bxf4 21. Qxf4 Rg5 22. Re1 $2 {
White blunders in a lost position. Marovic joined the second place.} (22. Re1
$2 Rxd3 $1 23. cxd3 Rf5 {wins for Black.}) 0-1

[Event "21st Costa del Sol it"]
[Site "Malaga ESP"]
[Date "1981.05.02"]
[Round "11"]
[White "Martin Gonzalez, Angel"]
[Black "Csom, Istvan"]
[Result "0-1"]
[WhiteElo "2365"]
[BlackElo "2500"]
[EventDate "1981.04.??"]
[PlyCount "82"]

1. e4 c5 2. Nf3 d6 3. d4 cxd4 4. Nxd4 Nf6 5. Nc3 Nc6 6. f4 Qb6 7. Nb3 e6 8. Qe2
a6 $5 ({Theory is} 8... Be7) 9. g4 Qc7 10. g5 Nd7 11. Be3 b5 12. O-O-O Nb6 13.
Nd4 Nxd4 14. Bxd4 b4 15. Nd5 $6 {He plays too risky.} ({Preferable is} 15. Qf2
Rb8 16. Ne2) 15... exd5 16. exd5+ Kd8 17. Bg2 Bd7 18. Rhe1 Na4 $5 (18... Kc8 $1
19. Kb1 Kb7 {increases the advantage.}) 19. Bh3 $1 Qb7 $2 20. Rd3 $5 Bxh3 21.
Qe8+ Kc7 22. Qxa4 Bf5 23. Rde3 $2 (23. Qa5+ Kd7 24. Rb3 Qb5 25. Qxb4 Qxb4 26.
Rxb4 Rc8 27. Bc3 Kc7 28. Rb3 Kd7 29. Rb7+ Rc7 30. Rb8 {
leads to a repetition of moves.}) 23... Qb5 24. Qb3 Rd8 $5 25. a4 bxa3 $4 26.
Qxa3 $5 (26. Rc3+ $1 Kb7 27. Qxa3 {wins for White.}) 26... Kd7 27. Bc3 $4 (27.
Rb3 $1 Qc4 28. Rc3 $1 Qb5 (28... Qxd4 29. Qxa6) 29. Bb6 $1 Qxb6 30. Rb3 {
still wins for White.}) 27... h6 $1 28. g6 Bxg6 29. b3 f6 30. Kb2 Bf5 31. h4 h5
32. Ra1 Be7 33. Rg1 g6 34. Rge1 Rhe8 35. Ka1 Bxc2 36. Kb2 Bf5 37. Ka1 Bf8 38.
Qc1 Qxd5 39. R1e2 Re6 40. Qg1 Qc5 41. Qe1 Rde8 0-1

[Event "21st Costa del Sol it"]
[Site "Malaga ESP"]
[Date "1981.05.02"]
[Round "11"]
[White "Rivas Pastor, Manuel"]
[Black "Fernandez Garcia, Jose Luis"]
[Result "1/2-1/2"]
[WhiteElo "2460"]
[BlackElo "2415"]
[EventDate "1981.04.??"]
[PlyCount "29"]

1. d4 Nf6 2. c4 g6 3. f3 d5 4. cxd5 Nxd5 5. e4 Nb6 6. Nc3 Bg7 7. Be3 O-O 8. f4
c6 9. Be2 Be6 10. Nf3 N8d7 11. O-O Nf6 12. Ne5 Ne8 13. f5 gxf5 14. exf5 Bd5 15.
Qe1 1/2-1/2